02083nam a2200265 i 4500003000900000005001700009007000300026008004100029020001800070040003000088041000800118082002200126100006100148245008200209250002200291264007100313300002800384336002700412337003300439338002800472500005700500505120900557650002401766650002701790DO-SdBNP20251014162908.0ta250403b2024 dr ||||| |||| 00| 0 spa d a9789945654561 aDO-SdBNPbspacBNPHUerda aspa 4a863.44bA162b222 aAbréu Fernández, César Arturo,d1940-eautor4aut.10aBarbarie y resistencia en el paraíso /cCésar Arturo Abréu Fernández. aPrimera edición 1aSanto Domingo, República Dominicana :bEditora Santuario,c2024. a223 páginas ;c23 cm. atextobtxt2rdacontent asin mediaciónbn2rdamedia avolumenbnc2rdacarrier aIncluye datos biográficos del autor en las solapas a1. Cacicazgo de Marién - Finales de 1492- La profecía, 11.-- 2. La navidad, 14.-- 3. El viaje, 18.-- 4. El golfo de las flechas, 24.-- 5. Hacia España, 29.-- 6. Palos de Moguer, 34.-- 7. El bautismo, 38.-- 8. Barcelona, 45.-- 9. La despedida, 49.-- 10. El retorno, 53.-- 11. Primera misa, 59.-- 12. El fuerte de la Concepción de La Vega, 63.-- 13. El Santo Cerro, 70.-- 14. Batalla de La Vega Real, 77.-- 15. Revelación, 83.-- 16. Valladolid-España, 88.-- 17. Fray Ramón Pané, 93.-- 18. La Vega-Bartolomé Colón- Las leyendas, 98.-- 19. ¿Esclavos?, 103.-- 20. El encuentro, 108.-- 21. Compromiso y atrocidades, 113.-- 22. Francisco Bobadilla-El castillo Alba de Tormes, 119.-- 23. Mientras… en La Española, 124.-- 24. La propuesta, 128.-- 25. Navidad en Alba de Tormes, 134.-- 26. Espera, desespera e indecisión, 139.-- 27. Matrimonio, 144.-- 28. La Nueva Isabela, 151.-- 29. Desilusión, 156.-- 30. Juicio a Colón, 162.-- 31. Haina, 168.-- 32. El buhiti, 174.-- 33. Guarionex, 179.-- 34. Esperanzas, 185.-- 35. El vaticinio, 190.-- 36. Temeraria propuesta, 195.-- 37. Tradiciones, 200.-- 38. Cotubanamá, 205.-- 39. Jaragua, 210.-- 40. El futuro, 215.-- 41. Epílogo, 222. 4aCuentos dominicanos 0aLiteratura dominicana.